Formation of magnetic properties of ferrites during radiation-thermal sintering; Eurasian Physical Technical Journal; Vol. 17, No. 2 (34)

Detaylı Bibliyografya
Parent link:Eurasian Physical Technical Journal
Vol. 17, No. 2 (34).— 2020.— [P. 6-10]
Müşterek Yazar: Национальный исследовательский Томский политехнический университет Инженерная школа неразрушающего контроля и безопасности Отделение контроля и диагностики
Diğer Yazarlar: Stary O. Oldrikh, Malyshev A. V. Andrei Vladimirovich, Lysenko E. N. Elena Nikolaevna, Petrova A. B. Anna Borisovna
Özet:Title screen
The results of a comparative analysis of the laws governing the formation of ferrite hysteresis loop parameters sintered in thermal and radiation-thermal conditions were shown. The influence of radiation exposure on the interconversion of microstructure defects and their content in ferrites, depending on the duration and temperature of treatment, was established. Also, it was shown that recrystallization grain growth under irradiation conditions is ahead of grain growth during thermal heating. The observed radiation effects were associated with the effect of radiation on the microstructure. The magnetic parameters are uniquely determined by the compaction of the sample.
Dil:İngilizce
Baskı/Yayın Bilgisi: 2020
Konular:
Online Erişim:http://earchive.tpu.ru/handle/11683/132659
https://doi.org/10.31489/2020No2/6-10
Materyal Türü: Elektronik Kitap Bölümü
KOHA link:https://koha.lib.tpu.ru/cgi-bin/koha/opac-detail.pl?biblionumber=664091

MARC

LEADER 00000naa0a2200000 4500
001 664091
005 20251006091858.0
035 |a (RuTPU)RU\TPU\network\35275 
035 |a RU\TPU\network\35056 
090 |a 664091 
100 |a 20210326d2020 k||y0rusy50 ba 
101 0 |a eng 
102 |a KZ 
135 |a drcn ---uucaa 
181 0 |a i  
182 0 |a b 
200 1 |a Formation of magnetic properties of ferrites during radiation-thermal sintering  |f O. Stary, A. V. Malyshev, E. N. Lysenko, A. B. Petrova 
203 |a Text  |c electronic 
300 |a Title screen 
320 |a [References: 32 tit.] 
330 |a The results of a comparative analysis of the laws governing the formation of ferrite hysteresis loop parameters sintered in thermal and radiation-thermal conditions were shown. The influence of radiation exposure on the interconversion of microstructure defects and their content in ferrites, depending on the duration and temperature of treatment, was established. Also, it was shown that recrystallization grain growth under irradiation conditions is ahead of grain growth during thermal heating. The observed radiation effects were associated with the effect of radiation on the microstructure. The magnetic parameters are uniquely determined by the compaction of the sample. 
461 |t Eurasian Physical Technical Journal 
463 |t Vol. 17, No. 2 (34)  |v [P. 6-10]  |d 2020 
610 1 |a электронный ресурс 
610 1 |a труды учёных ТПУ 
610 1 |a effects of radiation 
610 1 |a ferrites 
610 1 |a magnetic properties 
610 1 |a microstructure 
610 1 |a sintering 
610 1 |a hysteresis loop 
610 1 |a coercive force 
610 1 |a pore volume 
610 1 |a радиация 
610 1 |a ферриты 
610 1 |a магнитные свойства 
610 1 |a микроструктура 
610 1 |a спекание 
610 1 |a петля гистерезиса 
610 1 |a коэрцитивная сила 
701 1 |a Stary  |b O.  |g Oldrikh 
701 1 |a Malyshev  |b A. V.  |c Specialist in the field of electrical engineering  |c Senior researcher at Tomsk Polytechnic University, Candidate of Physics and Mathematics (PhD Phys.-Math.)  |f 1978-  |g Andrei Vladimirovich  |3 (RuTPU)RU\TPU\pers\30965  |9 15203 
701 1 |a Lysenko  |b E. N.  |c Specialist in the field of electrical engineering  |c Professor of Tomsk Polytechnic University, Doctor of technical sciences  |f 1972-  |g Elena Nikolaevna  |3 (RuTPU)RU\TPU\pers\32050  |9 16097 
701 1 |a Petrova  |b A. B.  |c specialist in the field of non-destructive testing  |c Associate Scientist of Tomsk Polytechnic University  |f 1992-  |g Anna Borisovna  |3 (RuTPU)RU\TPU\pers\36438 
712 0 2 |a Национальный исследовательский Томский политехнический университет  |b Инженерная школа неразрушающего контроля и безопасности  |b Отделение контроля и диагностики  |3 (RuTPU)RU\TPU\col\23584 
801 0 |a RU  |b 63413507  |c 20210326  |g RCR 
850 |a 63413507 
856 4 |u http://earchive.tpu.ru/handle/11683/132659  |z http://earchive.tpu.ru/handle/11683/132659 
856 4 |u https://doi.org/10.31489/2020No2/6-10 
942 |c CF